01920nam a2200253uu 4500001000800000005001700008007001000025008004100035035001200076040001300088041000800101080000800109100004900117245016000166260004300326300001700369520107900386610006201465650003301527650004101560700004501601502001201646526000801658114630220260507113959.0cr|||||||090529e20090529 spa  a1146302 ccomduadb aspa aPBI10aVásquez Pulgarín, Luis Alfonso4auteaut10aAportes al proceso de acreditación del Instituto de Metrología Biomédica (IMB) del Hospital Universitario San Vicente de Paúl (HUSVP) de Medellín aMedellín :b[sin publicador],c2009. a65 páginas3 aLa acreditación se ha convertido en un proceso necesario y fundamental para empresas e instituciones de salud que buscan ofrecer a sus clientes productos y servicios de una excelente calidad y que tiene como política de calidad el mejoramiento continuo. Es por esto, que el Instituto de Metrología Biomédica (IMB) del Hospital San Vicente de Paúl (HUSVP) se ha propuesto obtener la acreditación para el año 2009, realizando todas las actividades y compromisos requeridos para su logro. Con base en la Norma Técnica Colombiana NTC ISO/IEC 17025/2005 y los lineamientos del Manual de Calidad del IMB, se ha venido trabajando en la consolidación de los procesos administrativos, de gestión de la calidad y técnicos del Instituto para solicitar la visita de acreditación con un ente aprobado y reconocido a nivel nacional. Además, en esa dirección, se realizó un fortalecimiento de la parte documental del Instituto y una Auditoría interna que sirvió para evaluar el estado actual de cumplimiento del IMB frente a los requerimientos normativos. 0aHospital Universitario San Vicente de Paúl (Medellín) aAcreditación de hospitales aEquipos biomédicos - Mantenimiento10aÁlvarez Vélez, Luis Carlos4thseths b168c17 a170